[Event "7th UI&UL GM"]
[Site "Dhaka BAN"]
[Date "2005.04.14"]
[Round "11"]
[White "Syed Anwar,S"]
[Black "Abu Sufian,S"]
[Result "0-1"]
[WhiteElo "2305"]
[BlackElo "2233"]
[EventDate "2005.04.05"]

1. d4 d5 2. Nf3 Nf6 3. Bf4 c6 4. e3 Bf5 5. Bd3 Bg6 6. O-O Qb6 7. b3 Nbd7 8.
c4 e6 9. Nc3 Be7 10. Qc2 Bxd3 11. Qxd3 O-O 12. h3 a5 13. c5 Qd8 14. a3 b5
15. b4 Ra7 16. Nd2 Nh5 17. Bh2 f5 18. Nb3 a4 19. Na5 Qc8 20. Nxc6 Qxc6 21.
Nxb5 Rb7 22. Nc3 Nb8 23. b5 Qe8 24. Rab1 f4 25. e4 Qg6 26. Qf3 dxe4 27.
Qxe4 Qxe4 28. Nxe4 Rd8 29. Rfd1 g5 30. g4 Ng7 31. Nc3 Ra7 32. Rb4 e5 33.
Nxa4 Ne6 34. Kg2 Nxc5 35. Nxc5 Bxc5 36. dxc5 Rxd1 37. c6 Rc7 38. Rc4 Kf7
39. a4 Ke6 40. a5 Ra1 41. a6 Kd5 42. b6 Rxc6 43. a7 Nd7 0-1

[Event "7th UI&UL GM"]
[Site "Dhaka BAN"]
[Date "2005.04.14"]
[Round "11"]
[White "Ahmed,Mai"]
[Black "Mohota,N"]
[Result "1/2-1/2"]
[WhiteElo "2222"]
[BlackElo "2297"]
[EventDate "2005.04.05"]

1. d4 d5 2. c4 e6 3. Nc3 Be7 4. Nf3 Nf6 5. Bg5 O-O 6. e3 h6 7. Bh4 b6 8.
Qc2 Bb7 9. Bxf6 Bxf6 10. cxd5 exd5 11. Bd3 c5 12. O-O Nc6 13. dxc5 Nb4 14.
Qd2 bxc5 15. Rfd1 Nxd3 16. Qxd3 Rc8 17. Nxd5 Bxd5 18. Qxd5 Bxb2 19. Rab1
Qxd5 20. Rxd5 Bf6 21. Kf1 c4 22. Ke2 Rc6 23. a4 Rfc8 24. Nd4 Bxd4 25. Rxd4
c3 26. Kd3 c2 27. Rc1 Rc3+ 28. Kd2 R3c5 29. g3 a5 30. h4 Kf8 31. Ke2 Ke7
32. Kd3 Rc3+ 33. Kd2 R3c5 34. Kd3 Rc3+ 35. Kd2 R3c5 1/2-1/2

[Event "7th UI&UL GM"]
[Site "Dhaka BAN"]
[Date "2005.04.14"]
[Round "11"]
[White "Islam,Kh"]
[Black "Mohammad,J"]
[Result "1-0"]
[WhiteElo "2312"]
[BlackElo "2186"]
[EventDate "2005.04.05"]

1. d4 d5 2. c4 e6 3. Nf3 Nf6 4. Nc3 Bb4 5. Qa4+ Nc6 6. Ne5 Bd7 7. Nxd7 Nxd7
8. cxd5 Nb6 9. Qb5 exd5 10. e3 O-O 11. Be2 f5 12. O-O a6 13. Qd3 Bd6 14.
Bf3 Ne7 15. g3 c6 16. b3 Ng6 17. a4 a5 18. Ne2 Qf6 19. Bd2 Nd7 20. Bc3 Qe6
21. Rfb1 Rf6 22. Qd2 f4 23. exf4 Bxf4 24. Qd3 Bd6 25. Bg2 Qf7 26. Rf1 Ndf8
27. f4 Ne7 28. Qd2 b6 29. Rae1 Nf5 30. Nc1 Ne6 31. Ne2 Rf8 32. Rf2 Rg6 33.
Qd3 h5 34. Bh3 h4 35. g4 Nh6 36. f5 Nxg4 37. Rg2 Bxh2+ 38. Kh1 Bg3 39. Nxg3
hxg3 40. Qxg3 Rh6 41. Qxg4 Nf4 42. Rg3 Nh5 43. Rg2 Nf6 44. Qf3 Ne4 45. Reg1
Rh7 46. Be1 Qxf5 47. Rxg7+ Rxg7 48. Bxf5 1-0

[Event "7th UI&UL GM"]
[Site "Dhaka BAN"]
[Date "2005.04.14"]
[Round "11"]
[White "Vinoth,K"]
[Black "Singh,Ri"]
[Result "0-1"]
[WhiteElo "2238"]
[BlackElo "2271"]
[EventDate "2005.04.05"]

1. e4 e5 2. d3 Bc5 3. g3 Nc6 4. Bg2 Nge7 5. Nc3 d6 6. Nh3 O-O 7. Be3 f5 8.
Bxc5 dxc5 9. exf5 Bxf5 10. Ng5 Qd7 11. Qd2 Nd4 12. O-O-O c6 13. Rde1 h6 14.
Nge4 b6 15. h3 a5 16. f4 exf4 17. Qxf4 Nd5 18. Qd2 Nb4 19. g4 Bg6 20. g5
Nbxc2 21. Reg1 hxg5 22. h4 g4 23. h5 Bf5 24. h6 g6 25. Qg5 Qd8 26. Qf4 Qe7
27. Kb1 Nb4 28. Qg3 Rad8 29. Rd1 Nd5 30. Rhe1 Nf6 31. Ng5 Qd6 32. Qh4 Nf3
33. Bxf3 gxf3 34. Qc4+ Nd5 35. Nxd5 Qxd5 36. Re7 Rd7 37. h7+ Kh8 38. Nf7+
Qxf7 39. Rxf7 Rfxf7 40. Qc3+ Rd4 41. Qe1 Kxh7 42. Qe8 Kg7 43. Rh1 Kf6 44.
Qh8+ Ke7 45. Qe5+ Kd7 46. Rh8 Re7 47. Qb8 f2 48. Qc8+ Kd6 49. Qb8+ Ke6 0-1

[Event "7th UI&UL GM"]
[Site "Dhaka BAN"]
[Date "2005.04.14"]
[Round "11"]
[White "Shamima,A"]
[Black "Pg,MOAHirawan"]
[Result "0-1"]
[WhiteElo "2061"]
[BlackElo "2230"]
[EventDate "2005.04.05"]

1. d4 Nf6 2. c4 g6 3. Nf3 Bg7 4. Nc3 d5 5. cxd5 Nxd5 6. e4 Nxc3 7. bxc3 c5
8. Rb1 O-O 9. Be2 b6 10. O-O Bb7 11. Qc2 cxd4 12. cxd4 Qc8 13. Qxc8 Rxc8
14. Bd3 Nc6 15. Ba3 Nxd4 16. Nxd4 Bxd4 17. Bxe7 Re8 18. Rb4 Bc3 19. Rc4 Bg7
20. Rc7 Rab8 21. Rfc1 a6 22. f4 Bd4+ 23. Kh1 Be3 24. Rf1 b5 25. Bd6 Bxe4
26. Bxe4 Rxe4 27. Rxf7 Kxf7 28. Bxb8 Ra4 29. g3 Rxa2 30. Re1 Bc5 31. Rc1
Be7 32. Be5 b4 33. Rc7 Rd2 34. Ra7 b3 35. Rb7 Rd3 36. Kg2 a5 37. Kf2 a4 38.
Ke2 Rd5 39. Bb2 Ke6 40. Ra7 Rc5 41. Kd1 Rc2 42. Bc1 Ra2 43. Rb7 Rxh2 44. g4
Bd6 45. Rb6 Kd5 46. f5 gxf5 47. gxf5 Rh1+ 48. Kd2 Bf4+ 0-1

[Event "7th UI&UL GM"]
[Site "Dhaka BAN"]
[Date "2005.04.14"]
[Round "11"]
[White "Islam,AP"]
[Black "Uten"]
[Result "1-0"]
[WhiteElo "2203"]
[BlackElo "2177"]
[EventDate "2005.04.05"]

1. c4 Nf6 2. g3 e6 3. Bg2 d5 4. b3 c5 5. cxd5 exd5 6. Nf3 Nc6 7. d4 Ne4 8.
O-O cxd4 9. Bb2 Bc5 10. Nxd4 O-O 11. Nxc6 bxc6 12. Nd2 f5 13. Rc1 Qb6 14.
e3 Ba6 15. Re1 Bb4 16. Nxe4 fxe4 17. Bc3 Ba3 18. Ra1 Bd3 19. Bh3 c5 20. Qg4
Qb7 21. Red1 Rae8 22. f4 d4 23. exd4 cxd4 24. Bxd4 Rd8 25. Be5 Bc5+ 26. Kh1
e3+ 27. Bg2 Be4 28. Qe2 Bxg2+ 29. Qxg2 Qxg2+ 30. Kxg2 Rde8 31. Rd5 Rxe5 32.
fxe5 Rf2+ 33. Kh3 Bb4 34. e6 Kf8 35. Rc1 Ke7 36. Re5 Bd6 37. Rxe3 Kf6 1-0